<?xml version="1.0" encoding="UTF-8"?>
<record
    xmlns:xsi="http://www.w3.org/2001/XMLSchema-instance"
    xsi:schemaLocation="http://www.loc.gov/MARC21/slim http://www.loc.gov/standards/marcxml/schema/MARC21slim.xsd"
    xmlns="http://www.loc.gov/MARC21/slim">

  <leader>00561nam a22001457a 4500</leader>
  <datafield tag="999" ind1=" " ind2=" ">
    <subfield code="c">115026</subfield>
    <subfield code="d">115026</subfield>
  </datafield>
  <controlfield tag="005">20191210114159.0</controlfield>
  <controlfield tag="008">191210b           ||||| |||| 00| 0 eng d</controlfield>
  <datafield tag="040" ind1=" " ind2=" ">
    <subfield code="c">PK-LaUMT</subfield>
  </datafield>
  <datafield tag="082" ind1=" " ind2=" ">
    <subfield code="a">320.95491</subfield>
    <subfield code="b">ZUL-M</subfield>
  </datafield>
  <datafield tag="100" ind1=" " ind2=" ">
    <subfield code="a">Zulfiqar Ali Bhutto = &#x632;&#x648;&#x627;&#x644;&#x641;&#x642;&#x627;&#x631; &#x639;&#x644;&#x6CC; &#x628;&#x6BE;&#x679;&#x648;</subfield>
  </datafield>
  <datafield tag="245" ind1=" " ind2=" ">
    <subfield code="a">Mera Pakistan = &#x645;&#x6CC;&#x631;&#x627; &#x67E;&#x627;&#x6A9;&#x633;&#x62A;&#x627;&#x646; :</subfield>
    <subfield code="b">&#x62C;&#x6CC;&#x644; &#x645;&#x6CC;&#x6BA; &#x644;&#x6A9;&#x6BE;&#x6CC; &#x6AF;&#x626;&#x6CC; &#x632;&#x648;&#x627;&#x644;&#x641;&#x642;&#x627;&#x631; &#x639;&#x644;&#x6CC; &#x628;&#x6BE;&#x679;&#x648; &#x6A9;&#x6CC; &#x67E;&#x6C1;&#x644;&#x6CC; &#x62A;&#x62D;&#x631;&#x6CC;&#x631; /</subfield>
    <subfield code="c">by Zulfiqar Ali Bhutto = &#x632;&#x648;&#x627;&#x644;&#x641;&#x642;&#x627;&#x631; &#x639;&#x644;&#x6CC; &#x628;&#x6BE;&#x679;&#x648;</subfield>
  </datafield>
  <datafield tag="260" ind1=" " ind2=" ">
    <subfield code="a">Lahore :</subfield>
    <subfield code="b">Book Home,</subfield>
    <subfield code="c">2010</subfield>
  </datafield>
  <datafield tag="300" ind1=" " ind2=" ">
    <subfield code="a">200 p.</subfield>
  </datafield>
  <datafield tag="942" ind1=" " ind2=" ">
    <subfield code="c">BK</subfield>
  </datafield>
  <datafield tag="952" ind1=" " ind2=" ">
    <subfield code="0">0</subfield>
    <subfield code="1">0</subfield>
    <subfield code="4">0</subfield>
    <subfield code="7">0</subfield>
    <subfield code="a">01</subfield>
    <subfield code="b">01</subfield>
    <subfield code="d">2019-12-10</subfield>
    <subfield code="l">10</subfield>
    <subfield code="o">320.95491 ZUL-M</subfield>
    <subfield code="p">131182</subfield>
    <subfield code="r">2026-05-21 16:26:17</subfield>
    <subfield code="s">2026-05-12</subfield>
    <subfield code="w">2019-12-10</subfield>
    <subfield code="y">BK</subfield>
  </datafield>
</record>
